2025中国百强城市 - Statistics

General Stats
  • This quiz has been taken 86 times
  • The average score is 78 of 100
Answer Stats
排名 省份 城市 % Correct
1 直辖市 上海
100%
2 直辖市 北京
100%
3 广东 深圳
100%
4 广东 广州
100%
5 浙江 杭州
100%
6 四川 成都
100%
7 江苏 南京
100%
8 湖北 武汉
100%
9 江苏 苏州
100%
10 直辖市 重庆
100%
11 直辖市 天津
100%
12 湖南 长沙
100%
13 山东 青岛
100%
14 浙江 宁波
100%
16 陕西 西安
100%
17 河南 郑州
100%
18 安徽 合肥
100%
19 福建 厦门
100%
20 广东 东莞
100%
22 福建 福州
100%
23 广东 佛山
100%
24 云南 昆明
100%
25 辽宁 大连
100%
26 辽宁 沈阳
100%
15 江苏 无锡
98%
21 山东 济南
98%
28 黑龙江 哈尔滨
98%
29 江西 南昌
98%
33 浙江 温州
98%
34 贵州 贵阳
98%
35 广西 南宁
98%
37 吉林 长春
98%
40 山西 太原
98%
30 福建 泉州
97%
36 河北 石家庄
97%
27 江苏 常州
95%
39 广东 珠海
95%
41 浙江 绍兴
95%
38 浙江 嘉兴
93%
42 浙江 金华
93%
49 新疆 乌鲁木齐
93%
50 甘肃 兰州
93%
51 内蒙古 呼和浩特
93%
55 海南 海口
93%
31 江苏 南通
92%
52 河南 洛阳
92%
32 山东 烟台
90%
43 山东 潍坊
88%
44 江苏 徐州
88%
47 江苏 扬州
88%
54 河北 唐山
88%
56 江苏 泰州
85%
59 安徽 芜湖
85%
64 宁夏 银川
85%
46 浙江 台州
81%
45 广东 惠州
80%
48 广东 中山
80%
57 江苏 镇江
80%
61 福建 漳州
80%
53 浙江 湖州
78%
62 江苏 连云港
78%
58 江苏 盐城
76%
60 湖北 宜昌
76%
69 四川 绵阳
76%
63 江苏 淮安
75%
70 贵州 遵义
73%
72 江西 赣州
73%
66 山东 济宁
68%
68 湖北 襄阳
68%
74 河北 保定
68%
65 广东 江门
66%
71 广东 汕头
66%
75 江苏 宿迁
66%
67 山东 淄博
64%
76 福建 宁德
64%
79 河北 廊坊
61%
78 江西 九江
59%
73 山东 临沂
58%
82 广西 桂林
56%
80 河北 沧州
54%
81 河南 南阳
53%
84 四川 宜宾
53%
85 福建 龙岩
51%
87 湖南 岳阳
51%
77 山东 威海
47%
83 广东 湛江
47%
90 广西 柳州
46%
97 内蒙古 鄂尔多斯
46%
95 陕西 咸阳
42%
89 湖南 衡阳
39%
91 河北 邯郸
39%
86 广东 肇庆
36%
88 河南 许昌
36%
93 安徽 滁州
36%
96 福建 莆田
36%
99 江西 上饶
34%
100 安徽 阜阳
34%
92 河南 新乡
32%
98 湖南 常德
32%
94 湖南 株洲
31%
No matching quizzes found
Score Distribution
Percent of People with Each Score
Percentile by Number Answered
Your Score History
You have not taken this quiz